000 00601nam a2200217 a 4500
001 63337
003 BD-RjUL
005 20211209081201.0
008 170129s1983 mau 000 1 eng d
035 _aBD-RjUL 63466
040 _aSRS
_cSRS
_dEQO
_dBD-RjUL
_beng
041 _aeng
082 _223
_a813
_bFAM 1983
090 _aPS3511.A784
_bM3 1983
100 1 _aFast, Howard,
_d1914-2003
_9186020
245 1 0 _aMax :
_ba novel /
_cby Howard Fast
260 _aLondon :
_bHodder and Stoughton,
_c1983
300 _a395 p. ;
_c24 cm
650 _aMotion picture industry
_9185427
942 _2ddc
_cBK
999 _c63337
_d63337